Alle Parteien Deutschlands - Statistiken

Allgemein
  • Dieses Quiz wurde 87 mal gespielt
  • Das Durchschnittsergebnis liegt bei 10 aus 18
Antwortstatistiken
Partei % Korrekt
Christlich Demokratische Union Deutschlands
99%
Alternative für Deutschland
97%
Sozialdemokratische Partei Deutschlands
96%
Bündnis 90/Die Grünen
94%
Die Linke
93%
Freie Demokratische Partei
90%
Christlich-Soziale Union
79%
Bündnis Sahra Wagenknecht - Vernunft und Gerechtigkeit
73%
Die PARTEI
61%
Volt Deutschland
42%
Freie Wähler
41%
Partei Mensch Umwelt Tierschutz
41%
Südschleswigscher Wählerverband
27%
Ökologisch-Demokratische Partei
23%
Partei des Fortschritts
13%
Werteunion
13%
Bündnis Deutschland
10%
Familien-Partei Deutschlands
7%
Keine übereinstimmenden Quizze gefunden
Verteilung der Resultate
Anzahl Personen mit jedem Resultat
Perzentil nach korrekt beantworteten Fragen
Ihre Resultats-Entwicklung
Sie haben dieses Quiz noch nicht gespielt